00550nam a2200193 a 4500001001300000003000900013005001700022008004100039020001000080082001500090100002300105245007900128260003500207300000900242500003500251505001000286650003700296700002300333nice12345678IN_TiNIC20260116012120.0050524s0000 newa grp 000 0 eng  ac10000a220.6bNEL aNelson, Lawrence E aOur Roving Bibleb Tracking Its Influence Through English & American Life. aNew YorkbAbingdon Pressc0000 a317p aincludes index and biblioraphy2 aIndex aBible-Criticism & Interpretation1 aNelson, Lawrence E